| 000 | 00339nam a22001457a 4500 | ||
|---|---|---|---|
| 020 | _qPB. | ||
| 040 | _cFIZZA ISHAQ | ||
| 082 |
_a658.421 _bROB |
||
| 100 |
_aD., ROBERT. _987214 |
||
| 245 |
_aENTREPRENEURSHIP / _cROBERT D. |
||
| 250 | _a11th ED. | ||
| 260 |
_aNEW DEHLI : _bMC GRAW HILL, _c2020. |
||
| 300 | _a581 P. ; | ||
| 942 |
_2ddc _cBK |
||
| 999 |
_c587477 _d587477 |
||